El autotransporte colectivo privado de Buenos Aires, 1960-1990. (Registro nro. 16515)
[ vista simple ]
| 000 -LEADER | |
|---|---|
| fixed length control field | 00360 a2200109 4500 |
| 001 - CONTROL NUMBER | |
| control field | ART_3568 |
| 005 - DATE AND TIME OF LATEST TRANSACTION | |
| control field | 20260410161716.0 |
| 008 - FIXED-LENGTH DATA ELEMENTS--GENERAL INFORMATION | |
| fixed length control field | 260409a |
| 100 1# - MAIN ENTRY--PERSONAL NAME | |
| Personal name | Müller, Alberto E.G. |
| 245 10 - TITLE STATEMENT | |
| Title | El autotransporte colectivo privado de Buenos Aires, 1960-1990. |
| 773 0# - HOST ITEM ENTRY | |
| Title | Desarrollo económico |
| Related parts | - Vol. 29, Nº 116 (ene./mar. 1990) |
| Record control number | REV1174 |
No hay ítems disponibles.